| 000 | 01044nam a22003137a 4500 | ||
|---|---|---|---|
| 001 | BR7806382 | ||
| 003 | BR-BrBNA | ||
| 005 | 20230928085738.0 | ||
| 007 | ta | ||
| 008 | 230509b bl.||||| |||| 00| 0 por d | ||
| 040 |
_aBR-BrBNA _bpor _cBiblioteca Nacional de Agricultura |
||
| 041 | _a(Por) | ||
| 072 |
_aF26; F24; E15 _b/G514 |
||
| 090 | _ F26 BR7806382 | ||
| 110 | 1 |
_aSecretaria Nacional de Planejamento Agricola, Brasilia, DF (Brasil). Secretaria de Estudos Setoriais _99220 |
|
| 245 | 1 | _aUso atual dos solos e caracterizacao dos sistemas de producao - ano base 1976 - (resultados preliminares)Amazonas e Acre [aptidao agricola, estatistica de producao, Brasil] | |
| 260 | 3 |
_aBrasilia, DF (Brasil): _c1978. |
|
| 300 | _a200 p. | ||
| 500 | _aNumerical data | ||
| 650 | _aAPTIDAO AGRICOLA | ||
| 650 | _aUSO DA TERRA | ||
| 650 | _aEXPLORACAO AGRICOLA | ||
| 650 | _aESTATISTICA DE PRODUCAO | ||
| 650 | _aSISTEMA DE PRODUCAO | ||
| 650 | _aAMAZONAS | ||
| 650 | _aACRE | ||
| 909 |
_a202309 _bLucia _c55 _dLucia Elande |
||
| 942 | _cBK | ||
| 999 |
_c26106 _d26106 |
||